000 00279nam a22001097a 4500
999 _c263245
_d263244
020 _a 0688063632
100 _a Baker, Jeannie.
245 _a Where the forest meets the sea
260 _aNew York :
_b Greenwillow Books,
_c1987.
300 _a [32] p.
_b col. ill. ;
942 _cBK